| Tag |
First Indicator |
Second Indicator |
Subfields |
| LEADER |
00000cam a2200000 i 4500 |
| 001 |
in00002783368 |
| 005 |
20150922144814.0 |
| 008 |
120821t20122012scuab b 001 0 eng |
| 010 |
|
|
|a 2012034051
|
| 020 |
|
|
|a 9781609492830 (pbk.)
|
| 020 |
|
|
|a 1609492838 (pbk.)
|
| 035 |
|
|
|a (OCoLC)ocn801928825
|
| 040 |
|
|
|a DLC
|e rda
|c DLC
|d UtOrBLW
|
| 043 |
|
|
|a n-us-tx
|
| 049 |
|
|
|a TXAM
|
| 050 |
0 |
0 |
|a F394.G2
|b S24 2012
|
| 082 |
0 |
0 |
|a 976.4/13905
|2 23
|
| 100 |
1 |
|
|a Schmidt, James M.,
|d 1964-
|
| 245 |
1 |
0 |
|a Galveston and the Civil War :
|b an island city in the maelstrom /
|c James M. Schmidt.
|
| 264 |
|
1 |
|a Charleston, S.C. :
|b History Press,
|c 2012.
|
| 264 |
|
4 |
|c ©2012
|
| 300 |
|
|
|a 155 pages :
|b illustrations, map ;
|c 23 cm.
|
| 336 |
|
|
|a text
|b txt
|2 rdacontent
|
| 337 |
|
|
|a unmediated
|b n
|2 rdamedia
|
| 338 |
|
|
|a volume
|b nc
|2 rdacarrier
|
| 504 |
|
|
|a Includes bibliographical references and index.
|
| 505 |
0 |
|
|a Bondage -- War! -- Stranglehold -- Occupied -- Battle -- Mercy -- Dissent -- Entrenched -- Cat-and-Mouse -- Fever -- Liberation.
|
| 651 |
|
0 |
|a Galveston (Tex.)
|x History, Military
|y 19th century.
|
| 651 |
|
0 |
|a Galveston (Tex.)
|x History
|y 19th century.
|
| 650 |
|
0 |
|a Galveston, Battle of, Galveston, Tex., 1863.
|
| 651 |
|
0 |
|a Galveston Island (Tex.)
|x History, Military
|y 19th century.
|
| 651 |
|
0 |
|a Galveston Island (Tex.)
|x History
|y 19th century.
|
| 651 |
|
0 |
|a Texas
|x History
|y Civil War, 1861-1865.
|
| 945 |
|
|
|a PromptCat
|
| 946 |
|
|
|a stk
|
| 947 |
|
|
|a A14835932603
|
| 948 |
|
|
|a cataloged
|b h
|c 2012/11/30
|d c
|e dmitchel
|f 8:00:00 am
|
| 994 |
|
|
|a 92
|b TXA
|
| 999 |
|
|
|a MARS
|
| 999 |
f |
f |
|s 27de8091-4e2f-31e4-86a1-6b07aed04ce2
|i ff50bf2c-805d-380e-88b5-04134b20c221
|t 0
|
| 952 |
f |
f |
|p normal
|a Texas A&M University
|b College Station
|c Sterling C. Evans Library
|d Evans: Library Stacks
|t 0
|e F394.G2 S24 2012
|h Library of Congress classification
|i unmediated -- volume
|m A14835932603
|
| 998 |
f |
f |
|a F394.G2 S24 2012
|t 0
|l Evans: Library Stacks
|